LEADER 01275cam--2200373---450- 001 990003641560203316 005 20140714103901.0 010 $a978-88-6274-322-8 035 $a000364156 035 $aUSA01000364156 035 $a(ALEPH)000364156USA01 035 $a000364156 100 $a20120321d2011----km-y0itay50------ba 101 0 $aita 102 $aIT 105 $ay|||z|||001yy 200 1 $aAd Christi similitudinem: Ignazio di Loyola e i primi gesuiti tra eresia e ortodossia$estudi sulle origini della Compagnia di Gesł$fGuido Mongini 210 $aAlessandria$cEdizioni dell'Orso$d2011 215 $a179 p.$d24 cm 225 2 $aBiblioteca di studi storico-religiosi$v6 410 0$12001$aBiblioteca di studi storico-religiosi$v6 516 1 $aAd Christi similitudinem 606 0 $aGesuiti$xOrigini$2BNCF 676 $a271.53 700 1$aMONGINI,$bGuido$0325141 801 0$aIT$bsalbc$gISBD 912 $a990003641560203316 951 $aX.2.B. 2139$b235388 L.M.$cX.2.$d00308539 959 $aBK 969 $aUMA 979 $aANNAMARIA$b90$c20120321$lUSA01$h1156 979 $aANNAMARIA$b90$c20140714$lUSA01$h1039 996 $aAd Christi similitudinem: Ignazio di Loyola e i primi gesuiti tra eresia e ortodossia$91138094 997 $aUNISA LEADER 01295nam 2200421 450 001 9910795141603321 005 20230808210050.0 010 $a1-4336-4438-X 035 $a(CKB)4910000000069592 035 $a(Au-PeEL)EBL5973685 035 $a(OCoLC)1127942536 035 $a(MiAaPQ)EBC5973685 035 $a(EXLCZ)994910000000069592 100 $a20191205d2016 uy 0 101 0 $aeng 135 $aurcnu|||||||| 181 $ctxt$2rdacontent 182 $cc$2rdamedia 183 $acr$2rdacarrier 200 10$aFirst freedom $ethe beginning and end of religious liberty /$fJason G. Duesing, Thomas White, Malcolm B. Yarnell III 210 1$a[Place of publication not identified] :$c[B&H Publishing Group],$d[2016] 215 $a1 online resource (213 pages) 311 $a1-4336-4437-1 606 $aBaptists$xDoctrines 606 $aLiberty$xReligious aspects$xBaptists 615 0$aBaptists$xDoctrines. 615 0$aLiberty$xReligious aspects$xBaptists. 676 $a230.6 700 $aDuesing$b Jason G.$01532649 702 $aWhite$b Thomas 702 $aYarnell$b Malcolm B.$cIII, 801 0$bMiAaPQ 801 1$bMiAaPQ 801 2$bMiAaPQ 906 $aBOOK 912 $a9910795141603321 996 $aFirst freedom$93778958 997 $aUNINA